Introducción a la literatura infantil y juvenil actual

Na minha lista:
Detalhes bibliográficos
Autor principal: Colomer, Teresa (Autor)
Formato: Livro
Idioma:espanhol
Publicado em: Madrid, España Síntesis S.A 2010
Edição:2a. edición
Assuntos:
Tags: Adicionar Tag
Sem tags, seja o primeiro a adicionar uma tag!

MARC

LEADER 00000cam a2200000 a 4500
001 UCC8343
003 CL-VaPUC
005 20201029002022.0
008 190621e20100000sp |||||||||||||||||spa|d
999 |c 374689  |d 374687 
020 |a 9788497566964 
040 |c Pontificia Universidad Católica de Valparaíso 
082 0 4 |a 808.068 COL 2010  |2 21 
100 0 |a Colomer, Teresa  |e author  |9 603024 
245 1 0 |a Introducción a la literatura infantil y juvenil actual 
250 |a 2a. edición   |b ampliada 
260 |a Madrid, España  |b Síntesis S.A  |c 2010 
300 |a 252 páginas  
583 |a last modification  |c 20190621 12:31:00  |k Rodrigo Vera 
650 0 |a Literatura infantil   |9 307465 
650 0 |a Literatura juvenil   |9 309909 
852 |a BIBEDU 
942 |c BK  |2 ddc 
945 |d 20190621 12:31:00  |a dcastane 
952 |0 0  |1 0  |3 erb  |4 0  |6 808_068000000000000_COL_2010  |7 0  |8 A  |9 493366  |a BIBEDU  |b BIBEDU  |d 2019-06-19  |e 2  |g 48243.00  |i 5553776  |l 4  |m 1  |o 808.068 COL 2010  |p 5553776  |r 2022-10-26  |s 2021-07-12  |v 48243.00  |w 2019-11-24  |y BK  |z Catalogado en:20190621  |k LIT